Países con menos costa - Estadísticas

Estadísticas generales
  • Esta prueba ha sido intentada 95 veces
  • La puntuación promedio es 5 de 15
Estadísticas de respuestas
Hint Respuesta % Correcto
4 km Mónaco
81%
20 km Bosnia y Herzegovina
73%
47 km Eslovenia
43%
37 km República Democrática del Congo
40%
80 km Gambia
39%
30 km Nauru
39%
56 km Togo
30%
67 km Bélgica
26%
24 km Tuvalu
25%
58 km Irak
23%
26 km Jordania
21%
84 km San Vicente y las Granadinas
20%
157 km Granada
19%
90 km Lituania
16%
97 km Barbados
14%
No se encontraron pruebas coincidentes
Distribución de puntuación
Porcentaje de gente con cada puntuación
Porcentaje por número respondido
Historial de tus puntuaciones
No has intentado esta prueba.